Statistieken voor luchtvaartmaatschapijen

Klik hier om de quiz te nemen!

Algemene statistieken

  • Deze quiz is 19 keer genomen
  • De gemiddelde score is 7 van 15

Antwoordstatistieken

Antwoord% Correct
KLM
100%
Lufthansa
94%
Air Canada
75%
Emirates
75%
Qantas
56%
South African Airways
56%
American Airlines
50%
Air Lingus
38%
Japan Airlines
38%
Korean Air
38%
Thai Airways
38%
Southwest
31%
Air New Zealand
25%
Turkisch Airlines
25%
Raynair
6%

Scoreverdeling

Percentiel versus Aantal Correcte Antwoorden

Procent van Mensen met Elke Score

Uw Scoregeschiedenis

U heeft deze quiz nog niet genomen